| 000 | 00856nam a2200253 a 4500 | ||
|---|---|---|---|
| 001 | 000035993 | ||
| 005 | 20241130074013.0 | ||
| 008 | 111122s2005 dr ac 001 0 spa d | ||
| 020 | _a9789993486336 | ||
| 040 |
_aDO-SdBNP _bspa _cBNPHU |
||
| 082 |
_a701.18 _bP438p |
||
| 100 | 1 |
_aPérez, Odalís _d1952- _923828 |
|
| 245 | 1 | 0 |
_aPrincipios de estética y educación artística / _cOdalís G. Pérez. |
| 260 |
_aSanto Domingo : _bSophiArte, _c2005. |
||
| 300 |
_a284 p. : _bil., retrs. ; _c23 cm. |
||
| 500 | _aIncluye datos biográficos del autor en la solapa de la cubierta | ||
| 504 | _aBibliografía : p. 276-284 | ||
| 590 | _aInventariado, 2018/LP | ||
| 650 | 4 |
_aCrítica de arte _95184 |
|
| 650 | 4 |
_aPsicología del arte _95185 |
|
| 650 | 4 |
_aApreciación del arte _95186 |
|
| 650 | 4 |
_aEstética _9653 |
|
| 910 | _aValidado. Control de calidad EMS | ||
| 999 |
_c35484 _d35484 |
||